<?xml version="1.0" encoding="UTF-8"?>
<record
    xmlns:xsi="http://www.w3.org/2001/XMLSchema-instance"
    xsi:schemaLocation="http://www.loc.gov/MARC21/slim http://www.loc.gov/standards/marcxml/schema/MARC21slim.xsd"
    xmlns="http://www.loc.gov/MARC21/slim">

  <leader>00402nam a2200133Ia 4500</leader>
  <controlfield tag="008">151001s9999||||xx |||||||||||||| ||und||</controlfield>
  <datafield tag="100" ind1=" " ind2=" ">
    <subfield code="a">&#x926;&#x924;&#x94D;&#x924;&#x93E;&#x924;&#x94D;&#x930;&#x92F; &#x92A;&#x93E;&#x902; &#x92E;&#x93E;&#x928;&#x941;&#x917;&#x921;&#x947;</subfield>
  </datafield>
  <datafield tag="245" ind1=" " ind2=" ">
    <subfield code="a">&#x906;&#x923;&#x916;&#x940; &#x90F;&#x915; &#x938;&#x93E;&#x935;&#x93F;&#x924;&#x94D;&#x930;&#x940; </subfield>
  </datafield>
  <datafield tag="250" ind1=" " ind2=" ">
    <subfield code="a">1</subfield>
  </datafield>
  <datafield tag="260" ind1=" " ind2=" ">
    <subfield code="b">&#x936;&#x93F;&#x924;&#x932; &#x92E;&#x947;&#x939;&#x924;&#x93E; &#x915;&#x94B;&#x932;&#x94D;&#x939;&#x93E;&#x92A;&#x942;&#x930; </subfield>
  </datafield>
  <datafield tag="260" ind1=" " ind2=" ">
    <subfield code="c">2013</subfield>
  </datafield>
  <datafield tag="300" ind1=" " ind2=" ">
    <subfield code="a">176</subfield>
  </datafield>
  <datafield tag="365" ind1=" " ind2=" ">
    <subfield code="b">18</subfield>
  </datafield>
  <datafield tag="999" ind1=" " ind2=" ">
    <subfield code="c">1001958</subfield>
    <subfield code="d">1001955</subfield>
  </datafield>
</record>
